Environmental management
"Free online resources"--Cover; Includes bibliographical references and index
保存先:
| 第一著者: | |
|---|---|
| フォーマット: | 図書 |
| 言語: | Undetermined |
| 出版事項: |
New Delhi
Oxford University
2015
|
| 主題: | |
| オンライン・アクセス: | http://lrc.tdmu.edu.vn/opac/search/detail.asp?aID=2&ID=33507 |
| タグ: |
タグ追加
タグなし, このレコードへの初めてのタグを付けませんか!
|
| Thư viện lưu trữ: | Trung tâm Học liệu Trường Đại học Thủ Dầu Một |
|---|
| LEADER | 00721nam a2200205Ia 4500 | ||
|---|---|---|---|
| 001 | TDMU_33507 | ||
| 008 | 210410s9999 xx 000 0 und d | ||
| 082 | |a 664.55 | ||
| 090 | |b S107 | ||
| 100 | |a Sankar, Ajith | ||
| 245 | 0 | |a Environmental management | |
| 245 | 0 | |c Ajith Sankar R.N | |
| 260 | |a New Delhi | ||
| 260 | |b Oxford University | ||
| 260 | |c 2015 | ||
| 300 | |a xii, 588 p. | ||
| 520 | |a "Free online resources"--Cover; Includes bibliographical references and index | ||
| 650 | |a Environmental management |v Textbooks; Quản lý môi trường |v Giáo trình | ||
| 856 | |u http://lrc.tdmu.edu.vn/opac/search/detail.asp?aID=2&ID=33507 | ||
| 980 | |a Trung tâm Học liệu Trường Đại học Thủ Dầu Một | ||